Can you pick the Snooker World number ones? - Statistics

General Stats
  • This quiz has been taken 110 times
  • The average score is 20 of 25
Answer Stats
Question Tile Select % Correct
World Number Ones Stephen Maguire No
100%
World Number Ones Barry Hawkins No
98%
World Number Ones Ronnie O'Sullivan Yes
98%
World Number Ones Matthew Stevens No
97%
World Number Ones Stephen Hendry Yes
96%
World Number Ones Steve Davis Yes
95%
World Number Ones Stuart Bingham No
93%
World Number Ones Judd Trump Yes
92%
World Number Ones Mark Selby Yes
92%
World Number Ones Dennis Taylor No
88%
World Number Ones Peter Ebdon No
86%
World Number Ones John Parrott No
84%
World Number Ones Terry Griffiths No
84%
World Number Ones Ken Doherty No
82%
World Number Ones John Higgins Yes
81%
World Number Ones Neil Robertson Yes
81%
World Number Ones Mark Allen No
80%
World Number Ones Shaun Murphy No
78%
World Number Ones Mark Williams Yes
77%
World Number Ones Jimmy White No
75%
World Number Ones Ray Reardon Yes
74%
World Number Ones Alex Higgins No
70%
World Number Ones John Spencer No
66%
World Number Ones Ding Junhui Yes
32%
World Number Ones Cliff Thorburn Yes
27%
No matching quizzes found
Score Distribution
Percent of People with Each Score
Percentile by Number Answered
Your Score History
You have not taken this quiz